[Event "Michigan Amateur"]
[Site "Kalamazoo, MI"]
[Date "2002.10.19"]
[Round "3.5"]
[White "Vandivier, Don"]
[Black "Moore, Robert"]
[Result "1-0"]
[WhiteElo "1945"]
[BlackElo "1609"]
[PlyCount "87"]
[EventDate "2002.10.19"]

1. e4 c5 2. Nf3 d6 3. d4 cxd4 4. Nxd4 Nf6 5. Nc3 a6 6. Bc4 e6 7. Bb3 Be7 8. Qe2
O-O 9. Be3 Nc6 10. O-O-O Qc7 11. g4 Nxd4 12. Rxd4 e5 13. Rc4 Qd8 14. g5 Ng4 15.
Rg1 Nxe3 16. Qxe3 b5 17. Rc6 Qd7 18. Nd5 Bd8 19. Nf6+ Bxf6 20. gxf6 Qh3 21.
Rxg7+ Kh8 22. Qxh3 Bxh3 23. Rxd6 Rg8 24. Rd3 Bg4 25. Rg3 Bh5 26. Bxf7 Bxf7 27.
Rxf7 Rxg3 28. hxg3 Kg8 29. Rg7+ Kh8 30. Re7 Rf8 31. Rxe5 Rxf6 32. Rf5 Re6 33.
f3 Kg7 34. Kd2 Kg6 35. Kd3 h5 36. f4 Rd6+ 37. Rd5 Rc6 38. e5 Kf5 39. b3 Ke6 40.
c4 bxc4+ 41. bxc4 Rb6 42. Rd6+ Rxd6+ 43. exd6 Kxd6 44. Kd4 1-0

[Event "Michigan Amateur"]
[Site "Kalamazoo, MI"]
[Date "2002.10.19"]
[Round "1.2"]
[White "Vandivier, Don"]
[Black "Crane, John"]
[Result "1-0"]
[WhiteElo "1945"]
[BlackElo "1305"]
[PlyCount "67"]
[EventDate "2002.10.19"]

1. e4 c6 2. Nf3 d5 3. Nc3 e6 4. d4 Ne7 5. e5 g6 6. Bd3 Bg7 7. Be3 b6 8. Qd2 h6
9. O-O-O Bb7 10. h4 Nd7 11. g4 Qc7 12. Nh2 O-O-O 13. f4 Bf8 14. Nf1 Nb8 15. h5
Na6 16. hxg6 Nxg6 17. f5 Nxe5 18. dxe5 Bb4 19. a3 Qe7 20. Bxa6 Bxa3 21. Bxb7+
Kxb7 22. bxa3 Qxa3+ 23. Kb1 Qb4+ 24. Ka1 Qa3+ 25. Na2 d4 26. Bxd4 Rd5 27. Ne3
Ra5 28. c3 b5 29. Qb2 Ra4 30. Qxa3 Rxa3 31. Kb2 Ra4 32. Kb3 a5 33. c4 Rc8 34.
Bc5 1-0

[Event "Michigan Amateur"]
[Site "Kalamazoo, MI"]
[Date "2002.10.19"]
[Round "3.15"]
[White "Tyle, Sheel"]
[Black "Gattinger, John"]
[Result "0-1"]
[WhiteElo "781"]
[BlackElo "1452"]
[PlyCount "96"]
[EventDate "2002.10.19"]

1. d4 f5 2. Nc3 Nf6 3. Bg5 e6 4. Nf3 Be7 5. e3 d5 6. Bxf6 Bxf6 7. Ne5 Bxe5 8.
dxe5 O-O 9. h3 Nc6 10. g4 Nxe5 11. Bd3 Qf6 12. O-O fxg4 13. hxg4 Nf3+ 14. Kg2
Qh4 15. Bxh7+ Qxh7 16. Rh1 Qg6 17. Qd3 Qxd3 18. cxd3 c6 19. Rh3 Ne5 20. g5 Nxd3
21. g6 Rxf2+ 22. Kg3 e5 23. Rh4 Rf6 24. Rah1 Rxg6+ 25. Kf3 Kf7 26. Rf1 Rf6+ 27.
Ke2 Rxf1 28. Kxf1 Bf5 29. Rh5 Kf6 30. Rh4 Rg8 31. e4 dxe4 32. Nxe4+ Bxe4 33.
Rxe4 g5 34. Re3 Rd8 35. b3 Kf5 36. Rf3+ Nf4 37. a4 e4 38. Rc3 Rd1+ 39. Kf2 Nd3+
40. Ke2 Rh1 41. Rc4 Kf4 42. b4 Rh2+ 43. Kf1 Kf3 44. Kg1 Rd2 45. Rd4 g4 46. Rd7
Rd1+ 47. Kh2 g3+ 48. Kh3 Rh1# 0-1

[Event "Michigan Amateur"]
[Site "Kalamazoo, MI"]
[Date "2002.10.19"]
[Round "1.19"]
[White "Tyle, Sheel"]
[Black "Aldrich, Justin"]
[Result "0-1"]
[WhiteElo "781"]
[BlackElo "1631"]
[PlyCount "100"]
[EventDate "2002.10.19"]

1. e4 e5 2. Nf3 Nc6 3. Bc4 Bc5 4. d3 h6 5. Nc3 Nf6 6. Be3 Bxe3 7. fxe3 d6 8.
Nd5 Na5 9. Qd2 Nxc4 10. dxc4 Nxe4 11. Qd3 f5 12. O-O O-O 13. Nd2 Nc5 14. Qe2 c6
15. Nc3 Ne6 16. Qh5 Qg5 17. Qxg5 Nxg5 18. e4 f4 19. g3 Bh3 20. Rf2 fxg3 21.
Rxf8+ Rxf8 22. hxg3 Nf3+ 23. Nxf3 Rxf3 24. Kh2 Bg4 25. Kg2 Kf7 26. Kg1 Rxg3+
27. Kh2 Rf3 28. Rg1 h5 29. Rg3 Rxg3 30. Kxg3 g5 31. b4 Be6 32. Nd1 Bxc4 33. a3
h4+ 34. Kg2 Be6 35. Nf2 d5 36. c3 g4 37. exd5 cxd5 38. Nd3 h3+ 39. Kg3 Kf6 40.
a4 e4 41. Nf2 Kg5 42. c4 e3 43. Nd3 Bf5 44. Ne1 d4 45. c5 d3 46. Nxd3 Bxd3 47.
b5 e2 48. Kf2 h2 49. b6 h1=Q 50. bxa7 e1=Q# 0-1

[Event "Michigan Amateur"]
[Site "Kalamazoo, MI"]
[Date "2002.10.19"]
[Round "1.3"]
[White "Thach, Scott"]
[Black "Bambrough, Brian"]
[Result "0-1"]
[WhiteElo "1204"]
[BlackElo "1941"]
[PlyCount "122"]
[EventDate "2002.10.19"]

1. e4 c6 2. d4 d5 3. e5 Bf5 4. Bd3 Bxd3 5. Qxd3 e6 6. Bd2 c5 7. c3 Qb6 8. b3
cxd4 9. cxd4 Nc6 10. Nf3 Nge7 11. O-O Nf5 12. Bc3 Be7 13. Rd1 O-O 14. Bb2 Rac8
15. Nc3 a6 16. Ne2 Nb4 17. Qb1 Nc2 18. Rd2 Nxa1 19. Qxa1 Rc6 20. Qd1 Rfc8 21.
a3 Qa5 22. a4 Bb4 23. Rd3 Rc2 24. Bc1 Rxe2 25. Qxe2 Rxc1+ 26. Rd1 Rxd1+ 27.
Qxd1 Qc7 28. g3 Qc3 29. Kg2 Ba3 30. Ng5 g6 31. Qg4 Qd2 32. Kf1 Qxd4 33. Qh3
Qd1+ 34. Kg2 Qh5 35. Qxh5 gxh5 36. f4 Nd4 37. Kf2 Nxb3 38. Nf3 a5 39. Ke2 Nc5
40. Kd2 Nxa4 41. Kc2 Nc5 42. Nd2 b5 43. Nb1 Bb4 44. h3 a4 45. Kb2 d4 46. Na3
Bxa3+ 47. Kxa3 d3 48. Kb2 b4 49. g4 hxg4 50. hxg4 a3+ 51. Kb1 d2 52. Kc2 a2 53.
Kxd2 a1=Q 54. f5 Qc3+ 55. Ke2 b3 56. fxe6 fxe6 57. g5 b2 58. g6 hxg6 59. Kf2
b1=R 60. Ke2 Rb2+ 61. Kd1 Qd2# 0-1

[Event "Michigan Amateur"]
[Site "Kalamazoo, MI"]
[Date "2002.10.19"]
[Round "3.3"]
[White "Talreja, Milan"]
[Black "Skidmore, Mike"]
[Result "1/2-1/2"]
[WhiteElo "1574"]
[BlackElo "1857"]
[PlyCount "79"]
[EventDate "2002.10.19"]

1. d4 c6 2. e3 Nf6 3. Bd3 g6 4. f4 d5 5. Nf3 Bg7 6. Nbd2 Ng4 7. Qe2 O-O 8. h3
Nf6 9. Ne5 c5 10. c3 cxd4 11. exd4 Nh5 12. Qf3 f6 13. Ng4 e5 14. O-O e4 15.
Nxe4 dxe4 16. Bxe4 Qc7 17. Ne3 f5 18. Bc2 Nf6 19. Nc4 Be6 20. Ne5 Nc6 21. Be3
Bd5 22. Qe2 Nxe5 23. fxe5 Ne4 24. Kh2 Bc4 25. Qxc4+ Qxc4 26. Bb3 Qxb3 27. axb3
g5 28. g3 h6 29. Rf3 Nxg3 30. Kxg3 f4+ 31. Bxf4 gxf4+ 32. Rxf4 Rxf4 33. Kxf4 a6
34. e6 Kf8 35. Rg1 Bf6 36. Kf5 Ke7 37. d5 Rf8 38. Ke4 Bg5 39. Rg4 Rf1 40. h4
1/2-1/2

[Event "Michigan Amateur"]
[Site "Kalamazoo, MI"]
[Date "2002.10.19"]
[Round "1.17"]
[White "Talreja, Milan"]
[Black "Avery, Bill"]
[Result "1-0"]
[WhiteElo "1574"]
[BlackElo "1658"]
[Annotator "Tim McGrew"]
[PlyCount "63"]
[EventDate "2002.10.19"]

{Indian} 1. d4 Nf6 2. e3 e6 3. Bd3 b6 4. f4 {White knows what he wants and
isn't afraid to set it up straight away! The Stonewall is actually quite a
reasonable weekend weapon if you don't like to study theory too much and do
like to attack your opponent's king. Think of it as a fast road to 1800 --
from either direction, as you will discover the dark side of the opening if
you try to play it against stronger players who have seen it before.} Bb7 5.
Nf3 c5 6. O-O cxd4 $6 {This looks like a premature easing of the tension. It
also lets White's dark-square bishop see more light than White had any reason
to anticipate.} 7. exd4 Be7 8. c3 O-O 9. Nbd2 d6 10. h3 Nbd7 11. Qe1 Qc7 12.
Ne4 Rac8 13. Nxf6+ Nxf6 14. Ng5 (14. f5 $5 {comes into consideration here as
well.}) 14... h6 15. Ne4 Rfe8 (15... Nxe4 {is initially appealing, but after}
16. Bxe4 Bxe4 17. Qxe4 {White has the threat of f5 in the wings, which might
make Black reconsider his decision to trade off so many pieces.}) 16. Nxf6+
Bxf6 17. Qg3 Qe7 18. Bd2 Kh8 19. Qg4 Rcd8 20. Rae1 {Threatening f5.} Qc7 21.
Qh5 Kg8 {A clear sign of trouble: Black cannot find anything to do.} 22. g4 $5
{A double-edged idea! DIAGRAM} g6 $2 {Under pressure, Black cracks.} ({Now, at
the moment that White has weakened his king-side pawns but before he is
actually threatening anything vital, it is time to seek counterplay by opening
the centerwith} 22... e5 $1 23. fxe5 dxe5 24. Bxh6 Re6 {and although Black is
under pressure it is not obvious that he stands worse.}) 23. Qxh6 Bg7 24. Qg5
e5 25. f5 $1 {Now the assault crashes through.} e4 26. fxg6 $1 f6 27. Qh5 exd3
28. Qh7+ Kf8 29. Rxf6+ $1 {Oh dear -- White has been studying his tactics!}
Bxf6 30. Qxc7 ({But here it is even more fun to play} 30. Bh6+ Bg7 31. Qh8#)
30... Rxe1+ 31. Bxe1 Re8 32. Qf7# 1-0

[Event "Michigan Amateur"]
[Site "Kalamazoo, MI"]
[Date "2002.10.19"]
[Round "1.11"]
[White "Spindleman, Brian"]
[Black "Jendras, Gerard"]
[Result "0-1"]
[WhiteElo "960"]
[BlackElo "1834"]
[Annotator "Gerard Jendras"]
[PlyCount "36"]
[EventDate "2002.10.19"]

1. d4 Nf6 2. Bg5 Ne4 3. Bf4 c5 4. f3 Nf6 5. c3 cxd4 6. Qxd4 Nc6 7. Qd3 e5 8.
Bg5 Bc5 9. Nd2 d5 10. Bxf6 Qxf6 11. Qxd5 Bxg1 12. Rxg1 (12. Ne4 {deserves
consideration.}) 12... Be6 13. Qe4 O-O-O 14. e3 Bf5 15. Qa4 Qh6 16. f4 Qxh2 17.
Nf3 Qg3+ 18. Ke2 Bd3+ (18... Bd3+ 19. Kd1 {Intending the discovered check} Bb5+
{snaring White's queen.}) 0-1

[Event "Michigan Amateur"]
[Site "Kalamazoo, MI"]
[Date "2002.10.19"]
[Round "3.11"]
[White "Smith, Chris"]
[Black "Avery, Bill"]
[Result "0-1"]
[WhiteElo "1019"]
[BlackElo "1658"]
[Annotator "Tim McGrew"]
[PlyCount "60"]
[EventDate "2002.10.19"]

{French: Rubinstein} 1. e4 e6 2. Nc3 d5 3. d4 dxe4 {In a famous set of columns
written for Australian chess magazines, C.J.S. Purdy recommended this
variation of the French as part of his "Ten Hour Repertoire." Black can indeed
get a decent position this way against unfocussed White play, as this game
proves.} 4. Nxe4 Nd7 {Quite reasonable. Black is preparing ...Ngf6 but does
not want to be forced to recapture with his queen or pawn.} 5. Nf3 Ngf6 6. Bg5
Be7 7. Bxf6 Nxf6 8. Ng3 (8. Bd3 {is a bit more energetic. White must devote
all of his energies to development in this variation or Black will castle,
play ...c5, and equalize in a walk.}) 8... O-O 9. Be2 b6 10. c3 Bb7 11. O-O c5
{Already Black is clearly better since White's pieces do not coordinate on any
definite objective.} 12. Bb5 $6 {Not a blunder, but this does present Black's
queen-side pawns with a target so that they can expand without loss of time.}
a6 13. Ba4 b5 14. Bc2 Qc7 15. Ne5 Rfd8 16. Ne2 Rac8 17. Qd3 {White apparently
hopes to get in Ng4xf6+ and Qxh7+ with mate to follow. Alas, in chess the
players must alternate turns...} cxd4 $1 18. Ng4 g6 $1 {Now all of the
king-side ideas are stopped cold. Note the contrast in the activity of the
rooks, a consequence of White's lost time in the opening.} 19. Nxf6+ Bxf6 20.
cxd4 $2 {Making Black's life simpler, though there are no longer any promising
ideas for White.} Qxc2 21. Qxc2 Rxc2 22. Nf4 Rxd4 23. g3 Rdd2 24. Nh3 Rxb2 25.
a4 b4 26. Rac1 Rbc2 27. Rxc2 Rxc2 28. Rd1 b3 29. Rd6 Rc1+ 30. Rd1 Rxd1# 0-1

[Event "Michigan Amateur"]
[Site "Kalamazoo, MI"]
[Date "2002.10.19"]
[Round "1.5"]
[White "Smith, Chris"]
[Black "Aldrich, Jeff"]
[Result "0-1"]
[WhiteElo "1019"]
[BlackElo "1921"]
[PlyCount "60"]
[EventDate "2002.10.19"]

1. e4 c6 2. Nf3 d5 3. Nc3 Bg4 4. Be2 e6 5. exd5 cxd5 6. O-O Nc6 7. Bb5 Bd6 8.
h3 Bh5 9. d4 Nge7 10. Qd3 O-O 11. Bxc6 Nxc6 12. Nb5 Bb8 13. Ng5 Bg6 14. Qb3 a6
15. Na3 Nxd4 16. Qxb7 Ra7 17. Qb4 Ne2+ 18. Kh1 Nxc1 19. Raxc1 Qxg5 20. Rcd1 Be4
21. Rg1 Qf4 22. Qxb8 Rxb8 23. Rd4 Qxf2 24. Rdd1 Qg3 25. Rd3 Bxd3 26. cxd3 Rxb2
27. d4 Rc7 28. Nc2 Rcxc2 29. a4 Rb1 30. Rxb1 Qxg2# 0-1

[Event "Michigan Amateur"]
[Site "Kalamazoo, MI"]
[Date "2002.10.19"]
[Round "2.9"]
[White "Skidmore, Mike"]
[Black "Holden, Anthony"]
[Result "1-0"]
[WhiteElo "1857"]
[BlackElo "1483"]
[Annotator "Jeff Aldrich"]
[PlyCount "77"]
[EventDate "2002.10.19"]

{Sicilian} 1. e4 c5 2. Nf3 e5 {We saw this off-beat opening in the last issue
of the magazine. It makes for some interesting chess, but to Black's
disadvantage.} 3. Nxe5 Qe7 4. Nf3 d5 5. Bb5+ Nc6 6. e5 Bg4 7. O-O O-O-O ({
Black might want to think about taking the pawn back with} 7... Bxf3 8. Qxf3
Qxe5 {and there is nothing to guard the rook for a queen/king pin.}) 8. Bxc6
bxc6 9. Re1 d4 10. Qe2 Qb7 {Black has absolutely no compensation for the
gambit pawn. Generally, the idea behind a gambit to achieve some sort of
positional advantage such as a lead in development.} 11. Na3 Ne7 12. Nc4 Nd5
13. d3 Be7 14. h3 Bh5 15. Qe4 Bg6 16. Qg4+ Kb8 17. Bd2 h5 18. Qg3 Ka8 19. Ba5
Rd7 20. e6 h4 21. Nxh4 Bxh4 {DIAGRAM} 22. exd7 $1 {Just because the queen is
under attack, doesn't mean you have to move it. You need to look beyond the
first move. White takes advantage of the weak back-rank knowing that if Black
takes his queen, it will come right back. No matter whether Black takes the
pawn or the queen, White will be up an exchange.} Bxg3 23. Re8+ Bb8 24. d8=Q
Rxe8 25. Qxe8 Qe7 26. Qxc6+ Qb7 27. Qe8 Qe7 28. Re1 Qxe8 29. Rxe8 Kb7 30. Rg8
Bc7 31. Bxc7 Kxc7 32. Rxg7 Nb4 33. Ne5 Nxc2 34. Nxg6 c4 35. Rxf7+ Kd6 36. dxc4
d3 37. Kf1 Kc5 38. Rd7 Nd4 39. Ke1 1-0

[Event "Michigan Amateur"]
[Site "Kalamazoo, MI"]
[Date "2002.10.19"]
[Round "1.10"]
[White "Skidmore, Jennifer"]
[Black "McGrew, Bethel"]
[Result "1-0"]
[WhiteElo "1845"]
[BlackElo "996"]
[Annotator "Tim McGrew"]
[PlyCount "87"]
[EventDate "2002.10.19"]

{Falkbeer Counter-Gambit: Tartakower This is a game of definite phases. In the
opening, White outplays her young opponent convincingly. And in the end White
does win. But in the middle, some remarkable things happen!} 1. e4 e5 2. f4 d5
3. Nf3 Bg4 $5 {Unusual, but not bad.} ({Black has a fairly wide range of
playable ideas here, including} 3... exf4) (3... dxe4) (3... Nf6) ({and even} 
3... Bc5) 4. Be2 {This reaction is common and theoretically respectable, but
it seems a bit passive.} ({Perhaps} 4. h3 {is better.}) 4... Nc6 $2 {The wrong
knight, if one must move a knight here at all.} ({It is probably better to
chop off the pawn with} 4... exf4 5. exd5 Bxf3 6. Bxf3 Qh4+ {as in
Schiffers-Blackburne, Leipzig 1894 (0-1, 55).}) 5. exd5 Qxd5 6. O-O $6 {This
is not a very forcing move, and if Black had seized the chance with both hands
the game might have gone very differently.} (6. Nc3 $1 $14 {is simple and
strong. Black cannot really prevent White from castling in the long term and
the time gained on the exposed Black queen makes White's game much more
comfortable.}) 6... Bf5 (6... e4 $1 {grabs the initiative:} 7. Ng5 Bxe2 8. Qxe2
Nd4 9. Qd1 Bc5 $15) 7. fxe5 Nxe5 8. d4 Nxf3+ {This just helps White to clear
the e-file with a gain of time, and it exposes the undefended pawn at b7.} 9.
Bxf3 Qd7 10. Bxb7 Rb8 11. Qf3 (11. Qf3 -- {Threatening} 12. Bc6 {. Up to this
point the game has proceeded more or less as we might have expected from the
rating difference. Now something unexpected happens.}) 11... Bg4 $5 ({A tricky
move that shows Black has seen the threat and wants to do something about it.
Objectively} 11... Ne7 {is stronger, but the objectively strongest moves will
not save Black here; what is needed is a tactical miracle, and those only
happen in messy positions.}) 12. Qe4+ Kd8 13. Bg5+ {White is beg inning to
lose her grip on the position. This is not bad, but it gives Black a tempo or
two to unsnarl her pieces.} (13. Bc6 $1 Qe6 14. Qxe6 Bxe6 15. d5 $1 {wins
another pawn here.}) 13... f6 14. Nc3 $2 {This is just too cute and really
does give Black counterchances.} Be7 $5 (14... Ne7 {may be best, but in view
of what is about to happen it doesn't matter much.}) 15. Bh4 f5 $1 {DIAGRAM A
complete shock! Suddenly Black has White's undefended bishop in the crosshairs
and there is no way to defend it.} 16. Bxe7+ $2 {An understandable reaction,
but now a secondary point of Black's tactical plot is revealed: the bishop on
b7 cannot be defended. Black is winning a piece.} ({The resolute} 16. Bc6 $1 {
is the only way out of this mess. White can keep the advantage after} Nf6 17.
Bxd7 Nxe4 18. Bxf5 Bxh4 19. Bxg4 $18 {But you are not supposed to have to
calculate sequences like that to beat someone with half your rating!}) 16...
Nxe7 17. Qe5 Rxb7 18. Qxg7 Ng6 {Defending the rook on h8 and offering an
exchange of queens -- not a bad idea, but there was a better.} (18... Rg8 $1 {
would have given White severe, probably insurmountable problems, e.g.} 19. Qxh7
Qxd4+ 20. Kh1 Rh8 21. Qf7 Qe5 22. h3 Bxh3 $1 23. Rfd1+ Kc8 24. gxh3 Rxh3+ 25.
Kg1 Qh2+ 26. Kf1 Rf3+ 27. Ke1 Qf2#) 19. Qf6+ Qe7 20. Qc6 Rb6 $6 {Now the game
begins to slip out of Black's control. It was better to grab immediately on b2.
} 21. Qa8+ Kd7 22. Qxa7 Rxb2 23. Qa4+ Kd8 (23... Kc8 {is a bit safer, keeping
the king out of harm's way.}) 24. Nd5 Qe4 $2 {Too much focus on the enemy king,
too little on her own.} (24... Qd7 {still keeps the game unclear, though
White's passed a-pawn must now be reckoned with in any endgame.}) 25. Qa8+ {
Now Black must walk a tactical tightrope to avoid losing heavy material.
Amazingly, she does.} Kd7 $1 26. Nf6+ Ke7 $1 27. Qa3+ {White may still be
winning, but this is probably not the most accurate move.} (27. Qxe4+ $1 {
simplifies into a winning ending:} fxe4 28. Nxg4 Rxc2 29. Rfe1 {and the two
extra pawns should tell.}) 27... Kxf6 28. Qxb2 Kf7 $2 {Black wearil y steps
out of the discovered check, but this gives White the time necessary to
regroup.} (28... Re8 {looks better and keeps the game going since} 29. Rae1 $2
Qxe1 $1 {is not an option for White.}) 29. Rae1 Qc6 30. Qb4 Qxc2 (30... f4 $5 {
blocks the line from White's queen to Black's undefended bishop.}) 31. Rf2 Qc6
32. d5 $1 Qd7 {Black finally stumbles irrecoverably.} (32... Qb6 $5 {would
have set at least one cute trap:} 33. Qxg4 Qxf2+ $3 {and Black is actually
winning the ending.}) (32... Qb6 {But on reflection White can simply play} 33.
Qxb6 cxb6 34. h3 {trapping the bishop and winning the ending on sheer material.
}) 33. Qxg4 Kg7 34. Rxf5 h5 35. Qd4+ Kg8 36. Rg5 Rh6 37. Qf6 Qf7 38. Qd8+ Kh7
39. Rxg6 $1 {Jennifer wraps up with an accurately calculated shot.} Kxg6 40.
Re6+ Kf5 41. Rxh6 Qg7 {Hitting the rook and aiming at a1.} 42. Rxh5+ Ke4 {
Black is gamely trying to bring the king down far enough to get a perpetual
check! But by this time White knows what her opponent is made of and doesn't
take any chances.} 43. Qh4+ Ke3 44. Qg5+ {A very nice game from mismatched
opponents. Bethel is looking forward to the rematch!} 1-0

[Event "Michigan Amateur"]
[Site "Kalamazoo, MI"]
[Date "2002.10.19"]
[Round "3.4"]
[White "Skidmore, Jennifer"]
[Black "Jendras, Gerard"]
[Result "0-1"]
[WhiteElo "1845"]
[BlackElo "1834"]
[Annotator "Gerard Jendras"]
[PlyCount "34"]
[EventDate "2002.10.19"]

{King's Gambit Accepted: Cozio} 1. e4 e5 2. f4 exf4 3. Bc4 Nf6 4. Nc3 d5 5.
exd5 Bd6 6. Nf3 O-O 7. O-O Bg4 8. d4 Re8 9. Ne2 Nh5 10. Ne5 Rxe5 {When I
uncork ed this move, a couple of spectators scowled and walked away. They just
didn't understand.} 11. dxe5 Bc5+ 12. Rf2 (12. Kh1 {allows} Ng3+ 13. hxg3 Qg5 {
--the queen preparing to deliver a deadly check on the h-file.}) 12... Nc6 ({
Good enough to maintain an edge, but better would have been} 12... Bxf2+ 13.
Kxf2 Qh4+ 14. Kg1 f3) 13. Qf1 Nxe5 14. h3 ({White needed to play} 14. Nxf4)
14... Ng3 15. Nxg3 fxg3 16. Bf4 Bxf2+ 17. Kh1 Qf6 0-1

[Event "Michigan Amateur"]
[Site "Kalamazoo, MI"]
[Date "2002.10.19"]
[Round "3.18"]
[White "Semerciyan, Sebuh"]
[Black "Jewell, Kenneth"]
[Result "0-1"]
[WhiteElo "1273"]
[BlackElo "1855"]
[PlyCount "110"]
[EventDate "2002.10.19"]

1. e4 d5 2. exd5 Qxd5 3. Nc3 Qa5 4. d4 Nf6 5. Bd3 Nc6 6. Bd2 Nd5 7. Bc4 Nxc3 8.
Qf3 Qf5 9. Bxc3 Qxf3 10. Nxf3 Bf5 11. Bb3 e6 12. O-O O-O-O 13. Rfd1 Be4 14. Ne5
Nxe5 15. dxe5 Bc5 16. Kf1 c6 17. f3 Bd5 18. Bxd5 Rxd5 19. Rxd5 exd5 20. Rd1 Rd8
21. Bd4 Bxd4 22. Rxd4 c5 23. Rd2 Kc7 24. Ke2 Kc6 25. c4 b5 26. b3 d4 27. Kd3
Re8 28. f4 b4 29. a3 bxa3 30. Ra2 a5 31. Rxa3 Ra8 32. g4 Kb6 33. Ra2 Re8 34.
Re2 Re6 35. g5 g6 36. h4 Re7 37. h5 Kc6 38. hxg6 fxg6 39. Ke4 Rf7 40. Ra2 Ra7
41. f5 gxf5+ 42. Kxf5 Rf7+ 43. Ke6 Rf3 44. Rh2 Rxb3 45. Rxh7 Rg3 46. Kf6 Rf3+
47. Kg7 d3 48. Rh6+ Kd7 49. Rd6+ Ke7 50. g6 a4 51. Rb6 d2 52. Rb1 a3 53. Rd1 a2
54. Kg8 Rg3 55. Rf1 Rxg6+ 0-1